[Event "NATO-ch 33rd"]
[Site "Portoroz"]
[Date "2023.09.05"]
[Round "3"]
[White "Onley, David E"]
[Black "Andersen, Hans Christoph"]
[Result "1/2-1/2"]
[WhiteElo "2026"]
[BlackElo "2222"]
[PlyCount "45"]
[EventDate "2023.09.04"]
[EventType "swiss"]
[EventRounds "7"]
[EventCountry "SLO"]
[SourceTitle "EXT 2024"]
[Source "ChessBase"]
[SourceDate "2023.10.10"]
[SourceVersion "1"]
[SourceVersionDate "2023.10.10"]
[SourceQuality "1"]

1. e4 e6 2. d4 d5 3. Nd2 c5 4. Ngf3 cxd4 5. Nxd4 Nf6 6. Bb5+ Bd7 7. Bxd7+ Nbxd7 8. exd5 Nxd5 9. 0-0 Be7 10. Qe2 Qb6 11. N2b3 Nc5 12. c4 Nxb3 13. Nxb3 Nf6 14. Be3 Qc7 15. Rac1 0-0 16. Rfd1 Rfd8 17. Rxd8+ Rxd8 18. h3 a6 19. Bd4 Qf4 20. Be5 Qe4 21. Qxe4 Nxe4 22. Bf4 Kf8 23. Kf1 1/2-1/2

[Event "NATO-ch 30th"]
[Site "Berlin"]
[Date "2019.09.17"]
[Round "3.24"]
[White "De Cat, Ben"]
[Black "Andersen, Hans Christoph"]
[Result "0-1"]
[WhiteElo "1891"]
[BlackElo "2201"]
[PlyCount "55"]
[EventDate "2019.09.14"]
[EventType "team-swiss"]
[EventRounds "7"]
[EventCountry "GER"]
[SourceTitle "EXT 2020"]
[Source "ChessBase"]
[SourceDate "2019.10.17"]
[SourceVersion "1"]
[SourceVersionDate "2019.10.17"]
[SourceQuality "1"]
[WhiteTeam "Belgium"]
[BlackTeam "Germany"]
[WhiteTeamCountry "BEL"]
[BlackTeamCountry "GER"]

1. d4 f5 2. g4 d5 3. g5 c5 4. Bg2 Nc6 5. dxc5 e6 6. c4 d4 7. f4 Bxc5 8. a3 a5 9. Nh3 h6 10. e4 dxe3 11. Qxd8+ Kxd8 12. Bxc6 bxc6 13. Nc3 Ba6 14. b3 Rb8 15. Bb2 Rxb3 16. Na4 Bf8 17. 0-0-0+ Ke8 18. Rd4 c5 19. Rdd1 e2 20. Rde1 Rxh3 21. Rxe2 Bxc4 22. Rd2 hxg5 23. Rhd1 Be7 24. Nb6 Bb3 25. Re1 Rxh2 26. Rd3 Rh1 27. Rxh1 Rxh1+ 28. Kd2 0-1

[Event "Oberliga Nord O 1819"]
[Site "Germany"]
[Date "2019.03.24"]
[Round "8.3"]
[White "Pfeffer, Ruprecht"]
[Black "Andersen, Hans Christoph"]
[Result "0-1"]
[WhiteElo "2247"]
[BlackElo "2193"]
[PlyCount "56"]
[EventDate "2018.10.21"]
[EventType "team-tourn"]
[EventRounds "9"]
[EventCountry "GER"]
[SourceTitle "EXT 2020"]
[Source "ChessBase"]
[SourceDate "2019.10.17"]
[SourceVersion "1"]
[SourceVersionDate "2019.10.17"]
[SourceQuality "1"]
[WhiteTeam "Berlin Weisse Dame"]
[BlackTeam "Berlin SF III"]
[WhiteTeamCountry "GER"]
[BlackTeamCountry "GER"]

1. e4 c6 2. d4 d5 3. f3 e6 4. Nc3 Bb4 5. Bf4 Ne7 6. a3 Ba5 7. Nge2 0-0 8. Qd3 Nd7 9. e5 a6 10. g3 c5 11. dxc5 Nxc5 12. Qd2 Nd7 13. Kf2 Bc7 14. Nd4 Nxe5 15. Re1 N5c6 16. Bxc7 Qxc7 17. Kg2 Nxd4 18. Qxd4 Nf5 19. Qf2 d4 20. Nd1 e5 21. Bd3 Be6 22. g4 Ne7 23. Qe2 f6 24. h4 Nd5 25. Qe4 Nf4+ 26. Kg3 g6 27. c4 Nxd3 28. Qxd3 e4+ 0-1

[Event "Oberliga Nord O 1819"]
[Site "Germany"]
[Date "2018.12.16"]
[Round "4.5"]
[White "Andersen, Hans Christoph"]
[Black "Stopsack, Malte"]
[Result "1-0"]
[WhiteElo "2193"]
[BlackElo "2242"]
[PlyCount "129"]
[EventDate "2018.10.21"]
[EventType "team-tourn"]
[EventRounds "9"]
[EventCountry "GER"]
[SourceTitle "EXT 2020"]
[Source "ChessBase"]
[SourceDate "2019.10.17"]
[SourceVersion "1"]
[SourceVersionDate "2019.10.17"]
[SourceQuality "1"]
[WhiteTeam "Berlin SF III"]
[BlackTeam "Greifswald"]
[WhiteTeamCountry "GER"]
[BlackTeamCountry "GER"]

1. d4 Nf6 2. c4 g6 3. Nc3 Bg7 4. e4 d6 5. Nf3 0-0 6. h3 c6 7. Be2 a6 8. Bf4 b5 9. e5 Ne8 10. 0-0 b4 11. Ne4 f6 12. exf6 Nxf6 13. Nxf6+ Rxf6 14. Qd2 a5 15. Rfe1 Nd7 16. Bh6 Bxh6 17. Qxh6 Qf8 18. Qe3 c5 19. d5 Nb6 20. a3 bxa3 21. bxa3 Ba6 22. Rab1 Nxc4 23. Qc3 Rf4 24. Ng5 Qf6 25. Qxf6 exf6 26. Ne6 Re4 27. Nc7 Rc8 28. Nxa6 Rce8 29. Rb8 Rxb8 30. Nxb8 Nxa3 31. Kf1 Nc2 32. Rc1 Nb4 33. Bf3 Rf4 34. Nc6 a4 35. Ke2 Kg7 36. g3 Rf5 37. Nxb4 cxb4 38. Rc4 Re5+ 39. Kd2 Rf5 40. Ke2 Re5+ 41. Kf1 Re7 42. Rxb4 Ra7 43. Rb2 a3 44. Ra2 f5 45. Ke2 Kf6 46. Kd3 Ke5 47. Kc3 f4 48. Kb3 fxg3 49. fxg3 Rf7 50. Bg2 Kd4 51. Rxa3 Rf2 52. Ra2 Rxa2 53. Kxa2 Ke3 54. h4 Kf2 55. Be4 Kxg3 56. h5 gxh5 57. Kb3 Kf4 58. Bh1 h4 59. Kc4 Kg3 60. Kb5 h3 61. Kc6 Kh2 62. Be4 h5 63. Kxd6 Kg1 64. Ke5 h2 65. Kf4 1-0

[Event "Oberliga Nord O 1819"]
[Site "Germany"]
[Date "2018.11.25"]
[Round "3.5"]
[White "Kiel, Bernd"]
[Black "Andersen, Hans Christoph"]
[Result "1/2-1/2"]
[WhiteElo "1957"]
[BlackElo "2193"]
[PlyCount "160"]
[EventDate "2018.10.21"]
[EventType "team-tourn"]
[EventRounds "9"]
[EventCountry "GER"]
[SourceTitle "EXT 2020"]
[Source "ChessBase"]
[SourceDate "2019.10.17"]
[SourceVersion "1"]
[SourceVersionDate "2019.10.17"]
[SourceQuality "1"]
[WhiteTeam "Guestrow/Teterow"]
[BlackTeam "Berlin SF III"]
[WhiteTeamCountry "GER"]
[BlackTeamCountry "GER"]

1. e4 c6 2. d4 d5 3. Nd2 dxe4 4. Nxe4 Bf5 5. Ng3 Bg6 6. Nf3 e6 7. Ne5 Nd7 8. Nxg6 hxg6 9. Bd3 Ngf6 10. Qe2 Bd6 11. Bd2 Qc7 12. 0-0-0 0-0-0 13. c4 Rhe8 14. Kb1 e5 15. d5 cxd5 16. cxd5 Kb8 17. Rc1 Qb6 18. Bc4 Bc5 19. f3 Bd4 20. Bc3 a6 21. Qd2 Be3 22. Qe2 Bxc1 23. Rxc1 Rc8 24. Rd1 Qc5 25. Bb3 Qb5 26. Qxb5 axb5 27. d6 Rf8 28. Bb4 Nc5 29. d7 Nfxd7 30. Ne4 f6 31. Nd6 Rc6 32. Nxb5 Rh8 33. Bd5 Rb6 34. a4 Nxa4 35. Bd6+ Rxd6 36. Nxd6 Rxh2 37. Rd2 Nab6 38. Bf7 g5 39. Nf5 Nc5 40. Nxg7 Rh7 41. Ne6 Nb3 42. Rd8+ Ka7 43. Rd3 Rxf7 44. Rxb3 Rd7 45. Nc5 Rc7 46. Ne4 Rc6 47. g4 Kb8 48. Rd3 Kc7 49. b3 Nd7 50. Kb2 Nc5 51. Nxc5 Rxc5 52. Rd2 Rc6 53. Rh2 Kd6 54. Rd2+ Ke6 55. Rh2 Rd6 56. Kc3 Rd4 57. Rh7 Rf4 58. Rh3 e4 59. fxe4 Rxe4 60. Rg3 Ke5 61. Kd3 Kf4 62. Rg1 Re6 63. Kd4 Kf3 64. Kd5 Rb6 65. Kc4 Rc6+ 66. Kd5 Rc3 67. b4 Rb3 68. Kc5 Re3 69. Rf1+ Kxg4 70. Rxf6 Re7 71. b5 Kg3 72. Rf8 g4 73. b6 Kh2 74. Rh8+ Kg2 75. Rc8 g3 76. Rc7 Re5+ 77. Kd6 Rg5 78. Rxb7 Kg1 79. Ra7 Rg6+ 80. Kc7 Rxb6 1/2-1/2

[Event "NATO-ch 29th"]
[Site "Lubbock"]
[Date "2018.06.06"]
[Round "4"]
[White "Mestek, Igor"]
[Black "Andersen, Hans Christoph"]
[Result "1/2-1/2"]
[WhiteElo "2099"]
[BlackElo "2213"]
[PlyCount "45"]
[EventDate "2018.06.04"]
[EventType "swiss"]
[EventRounds "7"]
[EventCountry "USA"]
[SourceTitle "EXT 2019"]
[Source "ChessBase"]
[SourceDate "2018.10.10"]
[SourceVersion "1"]
[SourceVersionDate "2018.10.10"]
[SourceQuality "1"]

1. Nf3 d6 2. e4 Bg4 3. Bc4 e6 4. h3 Bh5 5. d4 Nf6 6. Nbd2 Be7 7. c3 d5 8. exd5 Nxd5 9. Qb3 Bxf3 10. Nxf3 Nb6 11. Bb5+ c6 12. Be2 0-0 13. 0-0 Qc7 14. a4 N8d7 15. Re1 a5 16. Bd3 Nd5 17. Bd2 Rfd8 18. Rad1 Rac8 19. Bb1 Nf8 20. Be4 Nf6 21. Bb1 Nd5 22. Be4 Nf6 23. Bb1 1/2-1/2

[Event "NATO-ch 29th"]
[Site "Lubbock"]
[Date "2018.06.05"]
[Round "2"]
[White "Cheung, Jan W"]
[Black "Andersen, Hans Christoph"]
[Result "0-1"]
[WhiteElo "2043"]
[BlackElo "2213"]
[PlyCount "66"]
[EventDate "2018.06.04"]
[EventType "swiss"]
[EventRounds "7"]
[EventCountry "USA"]
[SourceTitle "EXT 2019"]
[Source "ChessBase"]
[SourceDate "2018.10.10"]
[SourceVersion "1"]
[SourceVersionDate "2018.10.10"]
[SourceQuality "1"]

1. d4 d5 2. c4 c6 3. Nf3 Nf6 4. Nc3 dxc4 5. a4 Bf5 6. e3 e6 7. Bxc4 Bb4 8. 0-0 Nbd7 9. Nh4 Bg4 10. f3 Bh5 11. g4 Bg6 12. e4 0-0 13. Nxg6 hxg6 14. g5 Ne8 15. Qb3 a5 16. Be3 e5 17. dxe5 Bc5 18. Bxc5 Nxc5 19. Qa2 Qxg5+ 20. Kh1 Qxe5 21. f4 Qh5 22. Be2 Qh4 23. Qc4 Ne6 24. e5 Rd8 25. Rad1 Rxd1 26. Nxd1 N8c7 27. Ne3 Rd8 28. Ng2 Qe7 29. f5 gxf5 30. Rxf5 Qb4 31. Ne3 Rd4 32. Qxb4 Rxb4 33. Bc4 Rxb2 0-1

[Event "Berlin CupT final"]
[Site "Berlin"]
[Date "2017.06.17"]
[Round "4.3"]
[White "Meissner, Hans Juergen"]
[Black "Andersen, Hans Christoph"]
[Result "1/2-1/2"]
[WhiteElo "2273"]
[BlackElo "2213"]
[PlyCount "110"]
[EventDate "2017.05.20"]
[EventType "team-k.o."]
[EventRounds "5"]
[EventCountry "GER"]
[SourceTitle "EXT 2020"]
[Source "ChessBase"]
[SourceDate "2019.10.17"]
[SourceVersion "1"]
[SourceVersionDate "2019.10.17"]
[SourceQuality "1"]
[WhiteTeam "Berlin Empor"]
[BlackTeam "Berlin SF"]
[WhiteTeamCountry "GER"]
[BlackTeamCountry "GER"]

1. d4 f5 2. g3 Nf6 3. Bg2 g6 4. c4 Bg7 5. Nc3 d6 6. d5 0-0 7. Nh3 Na6 8. 0-0 Nc5 9. Nf4 e5 10. Nd3 Nxd3 11. exd3 h6 12. Bd2 g5 13. b4 Bd7 14. a4 Be8 15. a5 Bg6 16. a6 b6 17. Nb5 f4 18. Qc2 Qd7 19. Bc3 Bh5 20. Rfe1 f3 21. Bf1 Bg4 22. Re3 Bh3 23. Rxf3 Bxf1 24. Rxf1 Nxd5 25. Rxf8+ Bxf8 26. cxd5 Qxb5 27. d4 Qxd5 28. dxe5 dxe5 29. Re1 Bg7 30. Qg6 Qf7 31. Qe4 Rf8 32. Re2 Qf3 33. Qxf3 Rxf3 34. Bxe5 Bxe5 35. Rxe5 Kf7 36. b5 Rc3 37. Kf1 Rc2 38. h3 c6 39. bxc6 Rxc6 40. Ke2 Rc2+ 41. Kf3 Ra2 42. Rd5 Rxa6 43. Rd7+ Ke6 44. Rh7 Kf5 45. Rxh6 Ra3+ 46. Kg2 Ra5 47. Rc6 Rd5 48. Kf3 b5 49. Ra6 Rd3+ 50. Ke2 Rd7 51. Ke3 Re7+ 52. Kd3 Rh7 53. Kd4 Rxh3 54. Rxa7 Rh1 55. Rb7 Rb1 1/2-1/2

[Event "NATO-ch 28th"]
[Site "Budapest"]
[Date "2017.03.31"]
[Round "7"]
[White "Sypien, Mateusz"]
[Black "Andersen, Hans Christoph"]
[Result "1-0"]
[WhiteElo "2228"]
[BlackElo "2205"]
[PlyCount "166"]
[EventDate "2017.03.27"]
[EventType "swiss"]
[EventRounds "7"]
[EventCountry "HUN"]
[SourceTitle "CBM 177 Extra"]
[Source "ChessBase"]
[SourceDate "2017.04.27"]
[SourceVersion "1"]
[SourceVersionDate "2017.04.27"]
[SourceQuality "1"]

1. e4 e6 2. d3 d5 3. Nd2 Nf6 4. Ngf3 b6 5. e5 Nfd7 6. d4 c5 7. c4 Bb7 8. cxd5 Bxd5 9. Bc4 Bb7 10. 0-0 cxd4 11. Nb3 Be7 12. Nbxd4 0-0 13. Qe2 Nc6 14. Nxe6 fxe6 15. Bxe6+ Kh8 16. Rd1 Ndxe5 17. Nxe5 Nxe5 18. Rxd8 Raxd8 19. Bb3 Bf6 20. Be3 Nd3 21. Rd1 Nxb2 22. Rxd8 Rxd8 23. Bc2 Bd5 24. Qh5 Bg8 25. h3 Nc4 26. Bb3 Nxe3 27. fxe3 Be7 28. Bxg8 Kxg8 29. e4 Bc5+ 30. Kh2 g6 31. Qe2 Re8 32. Qc4+ Kg7 33. Qd5 Kf6 34. g4 Re5 35. Qd8+ Kf7 36. Qd7+ Re7 37. Qd5+ Kg7 38. e5 g5 39. e6 h6 40. Kg2 Kf6 41. Qf5+ Kg7 42. Qe5+ Kg6 43. Kf3 a5 44. a4 Bb4 45. Ke4 Ba3 46. Kd5 Bb4 47. Qe4+ Kf6 48. Qd4+ Kg6 49. Qxb6 Kf6 50. Qd4+ Kg6 51. Qe5 Rb7 52. Qe4+ Kg7 53. Qd4+ Kg6 54. Qh8 Re7 55. Qg8+ Kf6 56. Qf8+ Kg6 57. Qf5+ Kg7 58. Qe5+ Kg6 59. Ke4 Rb7 60. Qf5+ Kg7 61. Qf3 Rc7 62. Kd4 Re7 63. Ke5 Kh7 64. Qf5+ Kg7 65. Qf6+ Kh7 66. Kf5 Rg7 67. Qd8 Re7 68. Kf6 Rg7 69. e7 Bxe7+ 70. Qxe7 Rxe7 71. Kxe7 Kg6 72. Ke6 h5 73. Ke5 hxg4 74. hxg4 Kg7 75. Kf5 Kf7 76. Kxg5 Kg7 77. Kf5 Kf7 78. Ke5 Kg6 79. Kd5 Kg5 80. Kc5 Kxg4 81. Kb5 Kf5 82. Kxa5 Ke6 83. Kb6 Kd7 1-0

[Event "NATO-ch 28th"]
[Site "Budapest"]
[Date "2017.03.29"]
[Round "4"]
[White "Williams, Abiye"]
[Black "Andersen, Hans Christoph"]
[Result "1/2-1/2"]
[WhiteElo "2238"]
[BlackElo "2205"]
[PlyCount "91"]
[EventDate "2017.03.27"]
[EventType "swiss"]
[EventRounds "7"]
[EventCountry "HUN"]
[SourceTitle "CBM 177 Extra"]
[Source "ChessBase"]
[SourceDate "2017.04.27"]
[SourceVersion "1"]
[SourceVersionDate "2017.04.27"]
[SourceQuality "1"]

1. e4 e6 2. d4 d5 3. Nc3 Bb4 4. e5 c5 5. a3 Bxc3+ 6. bxc3 Ne7 7. Nf3 Nbc6 8. Bd3 Qa5 9. Bd2 Bd7 10. 0-0 c4 11. Be2 Qa4 12. Ne1 0-0-0 13. g3 f6 14. exf6 gxf6 15. f4 Nf5 16. Ng2 Nd6 17. f5 Nxf5 18. Rxf5 exf5 19. Nf4 Ne7 20. Bf3 Qc6 21. Qe2 Qd6 22. Qg2 Bc6 23. Qh3 Ba4 24. Rc1 b6 25. Qh6 Rdg8 26. Kf2 Be8 27. Re1 Bf7 28. a4 Ng6 29. Nh5 Kb7 30. Ra1 Kc6 31. Bc1 Qf8 32. Qxf8 Rxf8 33. Nxf6 Be6 34. Nh5 f4 35. g4 Rf7 36. a5 b5 37. Bd2 h6 38. Re1 Re8 39. Rg1 Rg8 40. g5 hxg5 41. Rxg5 Rff8 42. Bc1 a6 43. Ba3 Rf7 44. Bc1 Rff8 45. Ba3 Rf7 46. Bc1 1/2-1/2

[Event "NATO-ch 28th"]
[Site "Budapest"]
[Date "2017.03.27"]
[Round "1"]
[White "Andersen, Hans Christoph"]
[Black "Van den Heuvel, Tonnie"]
[Result "1-0"]
[WhiteElo "2205"]
[BlackElo "1848"]
[PlyCount "39"]
[EventDate "2017.03.27"]
[EventType "swiss"]
[EventRounds "7"]
[EventCountry "HUN"]
[SourceTitle "CBM 177 Extra"]
[Source "ChessBase"]
[SourceDate "2017.04.27"]
[SourceVersion "1"]
[SourceVersionDate "2017.04.27"]
[SourceQuality "1"]

1. d4 b6 2. e4 Bb7 3. Bd3 Nf6 4. Nd2 e6 5. Ne2 c5 6. c3 cxd4 7. cxd4 Bb4 8. f3 Nc6 9. a3 Be7 10. b4 d5 11. e5 Nd7 12. f4 f5 13. 0-0 a6 14. Nb3 Nf8 15. Be3 Kf7 16. g4 g6 17. h3 Nd7 18. Ng3 Bh4 19. gxf5 Bxg3 20. fxe6+ 1-0

[Event "NATO-ch 26th"]
[Site "Amsterdam"]
[Date "2015.07.09"]
[Round "6.13"]
[White "Kersic, Matej"]
[Black "Andersen, Hans Christoph"]
[Result "1/2-1/2"]
[WhiteElo "2149"]
[BlackElo "2228"]
[PlyCount "145"]
[EventDate "2015.07.06"]
[EventType "swiss"]
[EventRounds "7"]
[EventCountry "NED"]
[SourceTitle "EXT 2016"]
[Source "ChessBase"]
[SourceDate "2015.10.08"]
[SourceVersion "1"]
[SourceVersionDate "2015.10.08"]
[SourceQuality "1"]
[WhiteTeam "Slovenia"]
[BlackTeam "Germany"]
[WhiteTeamCountry "SLO"]
[BlackTeamCountry "GER"]

1. e4 d5 2. exd5 Qxd5 3. Nc3 Qa5 4. Nf3 Nf6 5. d4 c6 6. Bc4 Bf5 7. Bd2 e6 8. Qe2 Bb4 9. a3 Nbd7 10. 0-0 Bxc3 11. Bxc3 Qc7 12. Bb3 h6 13. Bd2 0-0 14. h3 c5 15. Be3 Rac8 16. dxc5 Nxc5 17. Bxc5 Qxc5 18. Rac1 Ne4 19. Rfd1 Qb6 20. Nd4 Bg6 21. Qb5 Qxb5 22. Nxb5 a6 23. Nd6 Nxd6 24. Rxd6 Rfd8 25. Rdd1 Kf8 26. Kf1 e5 27. Ke2 Rxd1 28. Kxd1 Be4 29. f3 Bc6 30. Ke2 Rd8 31. Rd1 Rxd1 32. Kxd1 Ke7 33. Ke2 f5 34. c4 Kf6 35. Bc2 Kg5 36. Ke3 h5 37. b4 h4 38. a4 b6 39. a5 bxa5 40. bxa5 Kf6 41. c5 Ke6 42. Bb3+ Kd7 43. Bc2 g6 44. Bb3 f4+ 45. Kd3 Ke7 46. Ke2 e4 47. fxe4 Bxe4 48. Kf2 Kd7 49. Ba4+ Ke6 50. Bb3+ Ke5 51. Bc4 Bb7 52. c6 Bc8 53. Bf7 g5 54. Be8 Kd6 55. Kf3 Be6 56. Bd7 Bd5+ 57. Kg4 Bxg2 58. Kxg5 f3 59. Bg4 f2 60. Be2 f1Q 61. Bxf1 Bxf1 62. Kxh4 Kxc6 63. Kg3 Kb5 64. Kf2 Bxh3 65. Ke2 Kb4 66. Kd2 Kb3 67. Kc1 Bf5 68. Kd2 Kb2 69. Kd1 Kb3 70. Kc1 Kc3 71. Kd1 Kd3 72. Ke1 Ke3 73. Kd1 1/2-1/2

[Event "Mittelrhein Regionalliga 1415"]
[Site "Mittelrhein"]
[Date "2015.02.01"]
[Round "6.1"]
[White "Loifenfeld, Jakov"]
[Black "Andersen, Hans Christoph"]
[Result "1-0"]
[WhiteElo "2401"]
[BlackElo "2225"]
[PlyCount "59"]
[EventDate "2014.09.28"]
[EventType "team-tourn"]
[EventRounds "9"]
[EventCountry "GER"]
[SourceTitle "EXT 2023"]
[Source "ChessBase"]
[SourceDate "2022.10.05"]
[SourceVersion "1"]
[SourceVersionDate "2022.10.05"]
[SourceQuality "1"]
[WhiteTeam "Bruehl"]
[BlackTeam "Godesberg II"]
[WhiteTeamCountry "GER"]
[BlackTeamCountry "GER"]

1. d4 f5 2. Nf3 Nf6 3. g3 g6 4. Bg2 Bg7 5. 0-0 0-0 6. c3 d6 7. Nbd2 Nc6 8. Re1 e5 9. dxe5 dxe5 10. e4 f4 11. b4 a6 12. Bb2 Nh5 13. a4 Qe8 14. b5 Na5 15. Ba3 Rf7 16. Bb4 b6 17. Ng5 Rf6 18. Nc4 Kh8 19. Bxa5 axb5 20. axb5 bxa5 21. Qd5 c6 22. bxc6 h6 23. c7 Ra7 24. Qd8 Rf8 25. Nd6 Qd7 26. Nxc8 Qxc8 27. Qxc8 Rxc8 28. Ne6 Bf8 29. Red1 Ng7 30. Nxf8 1-0

[Event "NATO-ch 25th"]
[Site "Quebec"]
[Date "2014.09.12"]
[Round "7"]
[White "Sycz, Dariusz"]
[Black "Andersen, Hans Christoph"]
[Result "1-0"]
[WhiteElo "2139"]
[BlackElo "2223"]
[PlyCount "67"]
[EventDate "2014.09.08"]
[EventType "team-swiss"]
[EventRounds "7"]
[EventCountry "CAN"]
[SourceTitle "EXT 2015"]
[Source "ChessBase"]
[SourceDate "2014.11.20"]
[SourceVersion "1"]
[SourceVersionDate "2014.11.20"]
[SourceQuality "1"]
[WhiteTeam "Poland"]
[BlackTeam "Germany"]
[WhiteTeamCountry "POL"]
[BlackTeamCountry "GER"]

1. d4 d6 2. Nf3 g6 3. g3 Bg7 4. Bg2 f5 5. 0-0 Nf6 6. b3 0-0 7. Bb2 Ne4 8. Nbd2 Nc6 9. Nxe4 fxe4 10. Ng5 e5 11. d5 Qxg5 12. dxc6 bxc6 13. Bxe4 Bb7 14. Bg2 d5 15. c4 d4 16. Qc2 Qf5 17. Be4 Qe6 18. Ba3 Rf7 19. e3 Bf8 20. Bb2 Rd8 21. Rad1 Rfd7 22. exd4 exd4 23. Rfe1 Qf6 24. Rd3 Ba6 25. Rf3 Qd6 26. Rd1 c5 27. Bd5+ Kh8 28. b4 Bg7 29. bxc5 Qxc5 30. Ba3 Qa5 31. Bc6 Qh5 32. Rdd3 Be5 33. Bxd7 Rxd7 34. Qa4 1-0

[Event "NATO-ch 25th"]
[Site "Quebec"]
[Date "2014.09.11"]
[Round "5"]
[White "Andersen, Hans Christoph"]
[Black "Papista, Akos"]
[Result "1-0"]
[WhiteElo "2223"]
[BlackElo "2168"]
[PlyCount "81"]
[EventDate "2014.09.08"]
[EventType "team-swiss"]
[EventRounds "7"]
[EventCountry "CAN"]
[SourceTitle "EXT 2015"]
[Source "ChessBase"]
[SourceDate "2014.11.20"]
[SourceVersion "1"]
[SourceVersionDate "2014.11.20"]
[SourceQuality "1"]
[WhiteTeam "Germany"]
[BlackTeam "Hungary"]
[WhiteTeamCountry "GER"]
[BlackTeamCountry "HUN"]

1. d4 d5 2. c4 e6 3. Nc3 Nf6 4. cxd5 exd5 5. Bg5 Be7 6. e3 c6 7. Qc2 Nbd7 8. Bd3 Nh5 9. Bxe7 Qxe7 10. Nge2 Nb6 11. h3 g6 12. 0-0-0 Be6 13. Kb1 0-0-0 14. Nc1 f5 15. g3 Nf6 16. f3 Bd7 17. Rde1 Qd6 18. g4 f4 19. Qh2 g5 20. exf4 gxf4 21. Re5 Rdf8 22. Rhe1 Qb4 23. Qf2 Nc4 24. Bxc4 Qxc4 25. Qd2 Be8 26. b3 Bg6+ 27. Kb2 Qb4 28. a3 Qa5 29. Nd3 Nd7 30. Re7 Bxd3 31. Qxd3 h5 32. g5 Rhg8 33. h4 b5 34. R1e6 Qc7 35. Qh7 a5 36. Qxh5 Rh8 37. Qg6 b4 38. Rxc6 bxc3+ 39. Kxc3 Rxh4 40. Rxc7+ Kxc7 41. Qe6 1-0

[Event "NATO-ch 25th"]
[Site "Quebec"]
[Date "2014.09.08"]
[Round "1"]
[White "Patron, Pascal"]
[Black "Andersen, Hans Christoph"]
[Result "0-1"]
[WhiteElo "1935"]
[BlackElo "2223"]
[PlyCount "66"]
[EventDate "2014.09.08"]
[EventType "team-swiss"]
[EventRounds "7"]
[EventCountry "CAN"]
[SourceTitle "EXT 2015"]
[Source "ChessBase"]
[SourceDate "2014.11.20"]
[SourceVersion "1"]
[SourceVersionDate "2014.11.20"]
[SourceQuality "1"]
[WhiteTeam "France"]
[BlackTeam "Germany"]
[WhiteTeamCountry "FRA"]
[BlackTeamCountry "GER"]

1. e4 d5 2. exd5 Qxd5 3. Nc3 Qa5 4. Nf3 Nf6 5. Be2 c6 6. 0-0 Bg4 7. b4 Qc7 8. b5 e6 9. Re1 Be7 10. Nd4 Bxe2 11. Qxe2 0-0 12. Bb2 Re8 13. Ne4 Nbd7 14. Ng5 Nf8 15. Qc4 Nd5 16. Ndf3 cxb5 17. Qg4 Qf4 18. Qh5 Qf5 19. h4 Nf4 20. g4 Nxh5 21. gxf5 exf5 22. Nd4 Bf6 23. c3 Bxd4 24. cxd4 Nf4 25. Re3 Nd5 26. Rf3 g6 27. Kg2 a5 28. Rh1 h5 29. Rc1 b6 30. Nh3 Rac8 31. Nf4 Nxf4+ 32. Rxf4 Rxc1 33. Bxc1 Ne6 0-1

[Event "BL2-West 1112"]
[Site "Germany"]
[Date "2012.04.15"]
[Round "9.8"]
[White "Andersen, Hans Christoph"]
[Black "Van Dooren, Dirk"]
[Result "1/2-1/2"]
[WhiteElo "2222"]
[BlackElo "2303"]
[PlyCount "22"]
[EventDate "2011.10.02"]
[EventType "team-tourn"]
[EventRounds "9"]
[EventCountry "GER"]
[SourceTitle "EXT 2015"]
[Source "ChessBase"]
[SourceDate "2014.11.20"]
[SourceVersion "1"]
[SourceVersionDate "2014.11.20"]
[SourceQuality "1"]
[WhiteTeam "Godesberg"]
[BlackTeam "Aachen"]
[WhiteTeamCountry "GER"]
[BlackTeamCountry "GER"]

1. d4 e6 2. c4 f5 3. g3 Nf6 4. Bg2 Be7 5. Nf3 d6 6. 0-0 0-0 7. b3 Qe8 8. Qc2 Ne4 9. Nbd2 Nxd2 10. Bxd2 Bf6 11. Bc3 Nc6 1/2-1/2

[Event "BL2-West 1112"]
[Site "Germany"]
[Date "2012.03.18"]
[Round "8.7"]
[White "Andersen, Hans Christoph"]
[Black "Minor, Samuel"]
[Result "1/2-1/2"]
[WhiteElo "2222"]
[BlackElo "2214"]
[PlyCount "105"]
[EventDate "2011.10.02"]
[EventType "team-tourn"]
[EventRounds "9"]
[EventCountry "GER"]
[SourceTitle "EXT 2015"]
[Source "ChessBase"]
[SourceDate "2014.11.20"]
[SourceVersion "1"]
[SourceVersionDate "2014.11.20"]
[SourceQuality "1"]
[WhiteTeam "Godesberg"]
[BlackTeam "Wiesbaden"]
[WhiteTeamCountry "GER"]
[BlackTeamCountry "GER"]

1. d4 Nf6 2. c4 e6 3. Nc3 Bb4 4. Qc2 0-0 5. a3 Bxc3+ 6. Qxc3 b6 7. Bg5 Bb7 8. f3 h6 9. Bh4 d5 10. e3 Nbd7 11. cxd5 exd5 12. Bd3 Re8 13. Bf5 c5 14. Bxd7 Qxd7 15. Bxf6 gxf6 16. Nh3 Rxe3+ 17. Qxe3 Re8 18. Qxe8+ Qxe8+ 19. Kf2 Qa4 20. Rhd1 cxd4 21. Rd2 d3 22. Kg1 Qd4+ 23. Nf2 Ba6 24. Rad1 Bb5 25. Kh1 Ba4 26. Re1 Bc2 27. Nxd3 Ba4 28. h3 a5 29. Ree2 Bb5 30. Re1 Kg7 31. Red1 Ba4 32. Re1 h5 33. Ree2 Bb5 34. Re1 h4 35. Red1 Ba4 36. b3 Bxb3 37. Nc1 Qa4 38. Nxb3 Qxb3 39. Rd3 Qa4 40. Rxd5 Qxa3 41. Rb5 Qe3 42. Rdb1 a4 43. Rxb6 a3 44. Rc6 a2 45. Ra1 Qb3 46. Rcc1 Kg6 47. Re1 Kg5 48. Kh2 Qb8+ 49. Kh1 Qb2 50. Kh2 f5 51. Rac1 Qb8+ 52. Kh1 Kf4 53. Kh2 1/2-1/2